banner-ar

رياض الاطفال فى الوطن العربى?: الواقع والطموح / (Record no. 48435)

MARC details
000 -الفاتح
حقل البيانات ثابتة الطول 00773nam a2200205Ia 4500
008 - عناصر البيانات ثابتة الطول - معلومات عامة
حقل البيانات ثابتة الطول 140319s9999 xx 000 0 ara d
040 ## - مصدر الفهرسة
وكالة الفهرسة الأصلية GCL /
وكالة النسخ GCL
082 04 - رقم تصنيف ديوى العشرى
رقم التصنيف 372.218
رقم المادة م ر
100 1# - المدخل الرئيسى - إسم شخصى
الإسم الشخصى المنظمة العربية للتربية والثقافة
245 10 - بيان العنوان
العنوان رياض الاطفال فى الوطن العربى?: الواقع والطموح /
بيان المسئوليه,etc المنظمة العربية للتربية والثقافة
700 1# - المدخل الاضافى - اسم شخصى
الإسم الشخصى المنظمةالاسلاميةللتربيةوالعلوم
300 ## - الوصف المادى
التعداد 187 ص
490 ## - بيان السلسلة
عنوان السلسلة خطة تربية الطفل العربى
رقم المجلد/ التعيين التسلسلي 0
650 04 - المدخل الاضافى بالموضوع-مصطلح موضوعى
مصطلح موضوعي التربية
650 04 - المدخل الاضافى بالموضوع-مصطلح موضوعى
مصطلح موضوعي رياض الاطفال
650 04 - المدخل الاضافى بالموضوع-مصطلح موضوعى
مصطلح موضوعي تعليم الاطفال
650 04 - المدخل الاضافى بالموضوع-مصطلح موضوعى
مصطلح موضوعي علم النفس التربوى
942 ## - عناصر المدخل الإضافي( كوها)
مصدر التصنيف او مخطط الترفيف Dewey Decimal Classification
Koha [default] item type كتاب
Holdings
حالة التراجع حالة الفقد حالة تلف ليس للاعارة المكان المؤقت الموقع الحالى تاريخ الاكتساب اجمالي اﻻعارات رقم الطلب الباركود تاريخ اخر مشاهدة تاريخ تفعيل السعر نوع وعاء كوها
        مكتبة القاهرة الكبرى مكتبة القاهرة الكبرى 03/26/2014   372.218\م ر 116977 03/26/2014 03/26/2014 كتاب

Powered By

EGPV